Remény - remény nélkül

Elmentve itt :
Bibliográfiai részletek
Szerző: Szalai Pál
Dokumentumtípus: Cikk
Megjelent: 1982
Sorozat:Beszélő : politikai és kulturális folyóirat 4
Kulcsszavak:Társadalomtudomány, Politikatudomány
Online Access:http://misc.bibl.u-szeged.hu/2739
LEADER 00606nab a2200181 i 4500
001 misc2739
005 20191106141458.0
008 170607s1982 hu o 0|| hun d
022 |a 0865-4093 
040 |a SZTE Miscellanea Repozitórium  |b hun 
041 |a hun 
100 1 |a Szalai Pál 
245 1 0 |a Remény - remény nélkül  |h [elektronikus dokumentum] /  |c  Szalai Pál 
260 |c 1982 
300 |a 62-64 
490 0 |a Beszélő : politikai és kulturális folyóirat  |v 4 
695 |a Társadalomtudomány, Politikatudomány 
856 4 0 |u http://misc.bibl.u-szeged.hu/2739/1/beszelo_004_062-064.pdf  |z Dokumentum-elérés